LEADER 01765nam 2200553 450 001 9910453025003321 005 20200520144314.0 010 $a600-00-4852-1 035 $a(CKB)2550000001101571 035 $a(EBL)3002591 035 $a(SSID)ssj0000887082 035 $a(PQKBManifestationID)12352681 035 $a(PQKBTitleCode)TC0000887082 035 $a(PQKBWorkID)10839013 035 $a(PQKB)11454503 035 $a(MiAaPQ)EBC3002591 035 $a(Au-PeEL)EBL3002591 035 $a(CaPaEBR)ebr10929546 035 $a(OCoLC)893681417 035 $a(EXLCZ)992550000001101571 100 $a20090729h20092010 uy| 0 101 0 $aeng 135 $aur|n|---||||| 181 $ctxt 182 $cc 183 $acr 200 14$aThe certified software quality engineer handbook /$fLinda Westfall 210 1$aMilwaukee, Wisconsin :$cASQ Quality Press,$d2009. 210 4$dİ2010 215 $a1 online resource (976 p.) 300 $aDescription based upon print version of record. 311 $a0-87389-730-7 320 $aIncludes bibliographical references and index. 606 $aElectronic data processing personnel$xCertification 606 $aComputer software$xExaminations$vStudy guides 606 $aComputer software$xQuality control 608 $aElectronic books. 615 0$aElectronic data processing personnel$xCertification. 615 0$aComputer software$xExaminations 615 0$aComputer software$xQuality control. 676 $a005.1/4 700 $aWestfall$b Linda$f1954-$0924090 801 0$bMiAaPQ 801 1$bMiAaPQ 801 2$bMiAaPQ 906 $aBOOK 912 $a9910453025003321 996 $aThe certified software quality engineer handbook$92073895 997 $aUNINA LEADER 01923oam 2200481I 450 001 9910704988503321 005 20170210101741.0 035 $a(CKB)5470000002445857 035 $a(OCoLC)865764274 035 $a(OCoLC)995470000002445857 035 $a(EXLCZ)995470000002445857 100 $a20131220j201305 ua 0 101 0 $aeng 135 $aurcn||||||||| 181 $ctxt$2rdacontent 182 $cc$2rdamedia 183 $acr$2rdacarrier 200 10$aMoisture research $eoptimization of wall assemblies /$fprepared by Lois Arena and Pallavi Mantha, Steven Winter Associates, Inc. of the Consortium for Advanced Residential Buildings (CARB) 210 $a[Washington, D.C.] $cU.S. Department of Energy, Energy Efficiency & Renewable Energy, Building Technologies Program$dMay 2013 215 $a1 online resource (xi, 50 pages) $ccolor illustrations 300 $aTitle from title screen (viewed on Dec. 20, 2013). 300 $a"May 2013." 300 $a"Prepared for Building America, Building Technologies Program, Office of Energy Efficiency and Renewable Energy, U.S. Department of Energy." 300 $a"DOE/GO-102013-3813"--Page [62]. 320 $aIncludes bibliographical references (pages 49-50). 517 $aMoisture research 606 $aDampness in buildings$xComputer simulation 606 $aExterior walls$xThermal properties$xComputer simulation 615 0$aDampness in buildings$xComputer simulation. 615 0$aExterior walls$xThermal properties$xComputer simulation. 700 $aArena$b Lois$01390797 702 $aMantha$b Pallavi 712 02$aBuilding America (Program : U.S.), 712 02$aNational Renewable Energy Laboratory (U.S.), 801 0$bSOE 801 1$bSOE 801 2$bOCLCO 801 2$bOCLCQ 801 2$bGPO 906 $aBOOK 912 $a9910704988503321 996 $aMoisture research$93476315 997 $aUNINA LEADER 01354nam 2200361Ia 450 001 9910698830103321 005 20090527105754.0 035 $a(CKB)5470000002397567 035 $a(OCoLC)352878758 035 $a(EXLCZ)995470000002397567 100 $a20090527d2003 ua 0 101 0 $aeng 135 $auran||||||||| 181 $ctxt$2rdacontent 182 $cc$2rdamedia 183 $acr$2rdacarrier 200 00$aGuidance for industry$b[electronic resource] $esource animal, product, preclinical, and clinical issues concerning the use of xenotransplantation products in humans 210 1$aRockville, MD :$cU.S. Dept. of Health and Human Services, Food and Drug Administration, Center for Biologics Evaluation and Research,$d[2003] 215 $aii, 60 pages $cdigital, PDF file 300 $aTitle from PDF title page (viewed on May 27, 2009). 300 $a"Final guidance". 300 $a"April 2003". 320 $aIncludes bibliographical references (pages 56-60). 517 $aGuidance for industry 606 $aXenografts$xGovernment policy$zUnited States 615 0$aXenografts$xGovernment policy 712 02$aCenter for Biologics Evaluation and Research (U.S.) 801 0$bGPO 801 1$bGPO 906 $aBOOK 912 $a9910698830103321 996 $aGuidance for industry$93434577 997 $aUNINA LEADER 01046nas 2200385 a 450 001 996202281203316 005 20231101153825.0 011 $a1873-3743 035 $a(OCoLC)38871615 035 $a(CKB)954925472380 035 $a(CONSER) 2003233362 035 $a(DE-599)ZDB1500382-6 035 $a(EXLCZ)99954925472380 100 $a19980331a19809999 sy a 101 0 $aeng 135 $aurmnu||||| 200 10$aDyes and pigments$b[e-journal] 210 $aKidlington, Oxford $cElsevier Science Ltd 300 $aRefereed/Peer-reviewed 311 $a0143-7208 531 $aDYES AND PIGMENTS AN INTERNATIONAL JOURNAL 531 $aDYES PIGMENT 531 $aDYES PIGMENTS 531 $aDYE PIGMENT 531 $aDYES PIGM 531 0 $aDyes pigm. 606 $aDyes and dyeing$vPeriodicals 606 $aPigments$vPeriodicals 608 $aPeriodicals. 615 0$aDyes and dyeing 615 0$aPigments 906 $aJOURNAL 912 $a996202281203316 996 $aDyes and pigments$92035054 997 $aUNISA